000 00213nam a2200097Ia 4500
005 20251222120855.0
008 251222s1900||||xx |||||||||||||| ||spa||
082 _aDVD0150/C24/2009
245 0 _aBakhita:
942 _cDVD
999 _c2383
_d2383